Shakspeare and the Bible; parallel passages and passages suggested by the Bible with the religious sentiments of Shakspeare.

Saved in:
Bibliographic Details
Main Author: Colton, G. Q. (Gardner Quincy), 1814-1898
Format: Book
Language:English
Published: [Folcroft, Pa.] Folcroft Library Editions, 1974 [c1888]
Subjects:
LEADER 01164nam a2200277 4500
001 c000058048
003 CARM
005 00000000000000.0
008 740430r1974 pauc 00000 eng
010 |a 74008569 //r956 
019 1 |a 440847  |5 LACONCORD2021 
020 |a 0841435057 (lib. bdg.) 
035 |a (OCoLC)902905  |5 LACONCORD2021 
050 0 |a PR3012  |b .C6 1974 
082 0 0 |a 822.3/3 
100 1 |a Colton, G. Q.  |q (Gardner Quincy),  |d 1814-1898. 
245 1 0 |a Shakspeare and the Bible;  |b parallel passages and passages suggested by the Bible with the religious sentiments of Shakspeare. 
260 |a [Folcroft, Pa.]  |b Folcroft Library Editions,  |c 1974 [c1888] 
300 |a 162 p.  |b port.  |c 24 cm. 
500 |a Reprint of the ed. published by T. R. Knox, New York. 
600 1 0 |a Shakespeare, William,  |d 1564-1616  |x Religion. 
630 0 0 |a Bible  |x In literature. 
650 0 |a Christian drama, English  |x History and criticism. 
852 8 |b CARM  |h A2:AE38B0  |i B00821  |p 0049720  |f BK 
999 f f |i fdc55b0c-ff31-5bfe-a286-785c9caf921b  |s 72f67ad1-cca7-56dc-a812-40f5401f9c6d 
952 f f |p Can circulate  |a CAVAL  |b CAVAL  |c CAVAL  |d CARM 1 Store  |e B00821  |f A2:AE38B0  |h Other scheme  |i book  |m 0049720